000 00872nam a22002531 4500
001 20299
003 CZ PrNK
005 20260120163951.0
008 020131s1966 xo slo
040 _aABA001
_bcze
_cABA001
_dABA001
041 1 _aslo
_hhun
100 1 _aJávorka, Sándor,
_d1883-1961
_4aut
245 1 0 _aKvety lesov a lúk /
_c[Autori:] S. Jávorka, J. Futák, V. Csapodyová ; Z maď. orig. Erdő mező virágai prel. Aladár Hlaváček
250 _a2., dopln. vyd.
260 _aBratislava :
_bSlov. vydav. pôdohosp. lit.,
_c1966
300 _a256 s. ;
_c
490 1 _aRastlinná výroba. Knižnica zahrádkára
500 _aBarev. obr. příl.
700 1 _aFuták, Ján,
_d1914-1980
_4aut
700 1 _aCsapody, Vera,
_d1890-1985
_4aut
830 0 _aRastlinná výroba.
_pKnižnica zahrádkára
910 _aABA001
942 _2ddc
_cOLDO
_n0
999 _c20299
_d20299